| 000 | 00603nam a2200193Ia 4500 | ||
|---|---|---|---|
| 003 | GCL | ||
| 008 | 140319s9999 xx 000 0 ara d | ||
| 040 |
_aGCL / _cGCL |
||
| 082 | 0 | 4 |
_a894.35 _bم هـ |
| 100 | 1 | _aمحمد حرب(تقديم وترجمة) | |
| 245 | 1 | 0 |
_aالهجرة من افغانستان / _cمحمد حرب(تقديم وترجمة) |
| 700 | 1 | _aمرال معروف | |
| 300 | _a179 | ||
| 490 |
_a100 قصة _v0 |
||
| 650 | 0 | 4 | _aالادب التركى |
| 650 | 0 | 4 | _aالادب التركى المترجم |
| 650 | 0 | 4 | _aالقصص التركية المترجمة |
| 942 |
_2ddc _cBK |
||
| 999 |
_c46687 _d46687 |
||